Hispanic Famous Person by Photo - Statistics

General Stats
  • This quiz has been taken 138 times
  • The average score is 10 of 20
Answer Stats
Picture Answer % Correct
Shakira
90%
Pitbull
87%
Selena Gomez
87%
Frida Kahlo
82%
Jennifer Lopez
78%
Sofia Vergara
76%
Camila Cabello
66%
Salma Hayek
66%
Christina Aguilera
54%
Alex Rodriguez
38%
Alexandria Ocasio-Cortez
36%
Celia Cruz
31%
Mario Lopez
31%
Prince Royce
31%
Zoe Saldana
31%
Marco Rubio
25%
Don Omar
19%
Diego Rivera
16%
Carlos Slim
15%
Enrique Peña Nieto
14%
No matching quizzes found
Score Distribution
Percent of People with Each Score
Percentile by Number Answered
Your Score History
You have not taken this quiz